|
|
|
|
| LEADER |
00000nam0a2200000 4500 |
| 001 |
321469 |
| 005 |
20231102003358.0 |
| 010 |
|
|
|a 9785991643856
|
| 010 |
|
|
|a 978-5-9692-1627-3
|
| 035 |
|
|
|a (RuTPU)RU\TPU\book\347024
|
| 035 |
|
|
|a RU\TPU\book\49996
|
| 035 |
|
|
|a RU\TPU\book\130424
|
| 090 |
|
|
|a 321469
|
| 100 |
|
|
|a 20030226d2016 m y0rusy50 ca
|
| 101 |
0 |
|
|a rus
|
| 102 |
|
|
|a RU
|
| 105 |
|
|
|a y j 001zy
|
| 200 |
1 |
|
|a Финансы
|e учебник для академического бакалавриата
|f Санкт-Петербургский государственный экономический университет (СПбГЭУ) ; под ред. М. В. Романовского ; Н. Г. Ивановой
|
| 205 |
|
|
|a 5-е изд., перераб. и доп.
|
| 210 |
|
|
|a Москва
|c Юрайт
|d 2016
|
| 215 |
|
|
|a 554 с.
|
| 225 |
1 |
|
|a Бакалавр. Академический курс
|
| 320 |
|
|
|a Библиогр. в конце гл.
|
| 330 |
|
|
|a В учебнике раскрываются содержание финансов, их роль в обеспечении экономического роста и реализации социальной политики. Особое внимание уделяется новому осмыслению теории и практики управления государственными финансами в современный период развития рыночных отношений в России. На основании обобщения материалов Министерства экономического развития и торговли РФ, Министерства финансов РФ, финансовых и налоговых органов субъектов РФ, практики финансовой деятельности организаций и учреждений рассматриваются содержание, функции финансов, их роль в макрорегулировании экономики; значение бюджета в развитии экономики и социальной сферы; налоговое регулирование экономики; современное состояние внебюджетного перераспределения финансовых ресурсов; финансы социальной сферы; финансы хозяйствующих субъектов; международные финансовые отношения. Для студентов, аспирантов и преподавателей экономических специальностей, а также широкого круга читателей, интересующихся проблемами развития экономики, реформированием финансовой системы.
|
| 451 |
|
1 |
|0 (RuTPU)RU\TPU\book\49996
|y 5-88045-041-4
|t Финансы
|o учебник для вузов
|f Санкт-Петербургский государственный университет экономики и финансов; Под ред. М. В. Романовского, О. В. Врублевской, Б. М. Сабанти
|c М.
|n Юрайт
|d 2002
|p 504 с.
|s Учебник
|
| 451 |
|
|
|y 5-94227-001-5
|
| 606 |
1 |
|
|a Финансы
|x Экономика
|y Россия
|2 stltpush
|3 (RuTPU)RU\TPU\subj\67534
|9 83291
|
| 610 |
1 |
|
|a экономика
|
| 610 |
1 |
|
|a история
|
| 610 |
1 |
|
|a управление
|
| 610 |
1 |
|
|a государственные финансы
|
| 610 |
1 |
|
|a бюджет
|
| 610 |
1 |
|
|a внебюджетные фонды
|
| 610 |
1 |
|
|a налоговое регулирование
|
| 610 |
1 |
|
|a таможенные пошлины
|
| 610 |
1 |
|
|a страхование
|
| 610 |
1 |
|
|a предприятия
|
| 610 |
1 |
|
|a международные финансы
|
| 610 |
1 |
|
|a государственный кредит
|
| 610 |
1 |
|
|a корпоративные финансы
|
| 610 |
1 |
|
|a государственный финансовый контроль
|
| 610 |
1 |
|
|a инвестиционная деятельность
|
| 610 |
1 |
|
|a финансовое посредничество
|
| 610 |
1 |
|
|a рынок ценных бумаг
|
| 610 |
1 |
|
|a международные валютно-финансовые отношения
|
| 610 |
1 |
|
|a международные валютно-кредитные отношения
|
| 610 |
1 |
|
|a международные финансы
|
| 610 |
1 |
|
|a учебники
|
| 686 |
|
|
|a У9(2)26я73
|v LBC/SL-A
|2 rubbk
|
| 702 |
|
1 |
|a Романовский
|b М. В.
|g Михаил Владимирович
|4 340
|
| 702 |
|
1 |
|a Иванова
|b Н. Г.
|g Наталия Георгиевна
|4 340
|
| 712 |
0 |
2 |
|a Санкт-Петербургский государственный экономический университет (СПбГЭУ)
|2 stltpush
|3 (RuTPU)RU\TPU\col\18811
|
| 801 |
|
1 |
|a RU
|b 63413507
|c 20160825
|
| 801 |
|
2 |
|a RU
|b 63413507
|c 20160927
|g RCR
|
| 900 |
|
|
|a Финансы
|
| 942 |
|
|
|c BK
|
| 951 |
|
|
|l 8.1
|
| 959 |
|
|
|a 56/20160824
|d 1
|e 919,00
|f ЧЗГЛ:1
|